[Event "Guernsey International Holiday"]
[Site "?"]
[Date "2018.10.26"]
[Round "6"]
[White "Glover, John"]
[Black "Finch, Russell"]
[Result "1/2-1/2"]
[WhiteElo "1717"]
[BlackElo "1622"]
[PlyCount "79"]
[EventDate "2018.10.21"]
[EventType "swiss"]
[EventRounds "7"]

1. Nf3 e6 2. c4 f5 3. g3 Nf6 4. Bg2 Be7 5. d4 O-O 6. O-O c6 7. b3 d5 8. Ba3
Bxa3 9. Nxa3 Qe7 10. Nc2 Nbd7 11. Nce1 Re8 12. Nd3 Ne4 13. e3 b6 14. Rc1 Bb7
15. Rc2 Rac8 16. Nfe5 Nxe5 17. Nxe5 Rc7 18. Bxe4 dxe4 19. c5 Qf6 20. Qe2 g5 21.
Rfc1 Rec8 22. b4 b5 23. f3 exf3 24. Qxf3 Rf8 25. Rg2 Qh6 26. Rf1 g4 27. Qf4
Qxf4 28. Rxf4 a5 29. a3 Ra8 30. Rf1 axb4 31. axb4 Ra4 32. Rb2 Bc8 33. Kg2 Rca7
34. h3 Ra3 35. Rff2 h5 36. hxg4 hxg4 37. e4 Bb7 38. Kh2 Rd3 39. Kg2 Rxd4 40.
Kh2 1/2-1/2

[Event "Guernsey International Holiday"]
[Site "?"]
[Date "2018.10.26"]
[Round "6"]
[White "Harnden, Terry"]
[Black "Goman, Colin"]
[Result "0-1"]
[WhiteElo "1428"]
[BlackElo "1692"]
[PlyCount "90"]
[EventDate "2018.10.21"]
[EventType "swiss"]
[EventRounds "7"]

1. e4 e6 2. d4 d5 3. e5 Nc6 4. Nf3 h6 5. Be2 Bd7 6. O-O Na5 7. b3 c5 8. c3 Ne7
9. Ba3 Ng6 10. Bd3 cxd4 11. Bxf8 Nxf8 12. cxd4 Qb6 13. Nbd2 Nc6 14. Rc1 Nxd4
15. Nxd4 Qxd4 16. Nf3 Qb6 17. Rc3 Bc6 18. Qc2 d4 19. Rc4 Bxf3 20. Rc8+ Rxc8 21.
Qxc8+ Ke7 22. gxf3 Ng6 23. Qc2 Nxe5 24. Kg2 Nxd3 25. Qxd3 Qc5 26. Rd1 Rd8 27.
f4 Qc3 28. Qe4 Qc6 29. f3 Qxe4 30. fxe4 d3 31. Kf2 d2 32. Ke3 Kf6 33. h3 Kg6
34. Kf3 Rd3+ 35. Kg2 Kf6 36. h4 Ke7 37. Kf2 Kd7 38. Ke2 Rd6 39. Ke3 Kc6 40. e5
Rd7 41. Ke4 Kb5 42. a3 a5 43. f5 a4 44. bxa4+ Kxa4 45. fxe6 fxe6 0-1

[Event "Guernsey International Holiday"]
[Site "?"]
[Date "2018.10.26"]
[Round "6"]
[White "Kirk, Matthew"]
[Black "Colsen, Manuel"]
[Result "1-0"]
[WhiteElo "1732"]
[BlackElo "1628"]
[PlyCount "113"]
[EventDate "2018.10.21"]
[EventType "swiss"]
[EventRounds "7"]

1. d4 d5 2. c4 c6 3. Nc3 Nf6 4. cxd5 cxd5 5. Nf3 Nc6 6. g3 g6 7. Bg2 Bg7 8. O-O
O-O 9. a3 a6 10. Ne5 e6 11. Bg5 Qb6 12. Nxc6 bxc6 13. Na4 Qa7 14. Bxf6 Bxf6 15.
e3 a5 16. Qc2 Ba6 17. Rfc1 Rfc8 18. Nc5 Be7 19. b4 Bxc5 20. Qxc5 Qxc5 21. bxc5
Rcb8 22. Rab1 Bd3 23. Rb6 Bb5 24. Bf1 Rxb6 25. cxb6 Rb8 26. Rb1 Rxb6 27. a4 Rb8
28. axb5 cxb5 29. Rxb5 Ra8 30. Rb3 Kg7 31. Bd3 Kf6 32. Kg2 Ra7 33. Rb6 a4 34.
Bb1 a3 35. Ba2 Ke7 36. Kf3 Kd7 37. Rb8 Kc6 38. Ke2 Ra5 39. Kd3 Rb5 40. Rxb5
Kxb5 41. Kc3 Ka4 42. g4 h6 43. h4 f5 44. g5 hxg5 45. hxg5 Kb5 46. Kb3 Kc6 47.
Kxa3 Kd6 48. f4 Kc7 49. Kb4 Kc6 50. Bb3 Kd6 51. Ba4 Ke7 52. Kc5 Kf7 53. Kd6 Kf8
54. Kxe6 Kg7 55. Kxd5 Kf7 56. Kd6 Kg7 57. Ke7 1-0

[Event "Guernsey International Holiday"]
[Site "?"]
[Date "2018.10.26"]
[Round "6"]
[White "O'Brien, Paul W"]
[Black "Remie, Peter"]
[Result "0-1"]
[WhiteElo "1654"]
[BlackElo "1714"]
[PlyCount "64"]
[EventDate "2018.10.21"]
[EventType "swiss"]
[EventRounds "7"]

1. e4 Nc6 2. d4 d5 3. e5 Bf5 4. Nf3 e6 5. Bd3 Bxd3 6. Qxd3 f6 7. exf6 gxf6 8.
c4 Qd7 9. cxd5 Qxd5 10. Nc3 Bb4 11. O-O Bxc3 12. bxc3 O-O-O 13. Bf4 Nge7 14.
Rab1 e5 15. c4 Qa5 16. Qb3 exf4 17. Qxb7+ Kd7 18. d5 Ne5 19. Nxe5+ fxe5 20. Rb5
Qa3 21. d6 Qxd6 22. Qf3 Ke8 23. Qh5+ Ng6 24. Re1 Kf8 25. Rd5 Qf6 26. Rxd8+ Qxd8
27. Rd1 Qf6 28. Qf3 Kg7 29. Rd7+ Kh6 30. Rxc7 Rd8 31. Rxa7 e4 32. Qe2 Qa1+ 0-1

[Event "Guernsey International Holiday"]
[Site "?"]
[Date "2018.10.26"]
[Round "6"]
[White "Ruigrok, Jacques"]
[Black "Kershaw, Graham"]
[Result "1/2-1/2"]
[WhiteElo "1645"]
[BlackElo "1712"]
[PlyCount "37"]
[EventDate "2018.10.21"]
[EventType "swiss"]
[EventRounds "7"]

1. e4 e6 2. Nf3 d5 3. Nc3 d4 4. Ne2 c5 5. b4 a6 6. Bb2 Nc6 7. bxc5 Bxc5 8. Nc1
e5 9. Nd3 Bd6 10. c3 dxc3 11. Bxc3 Qe7 12. Nf4 Nf6 13. Nd5 Nxd5 14. exd5 Bb4
15. Bxb4 Nxb4 16. Bc4 O-O 17. O-O b5 18. Bb3 Qd6 19. Re1 1/2-1/2

[Event "Guernsey International Holiday"]
[Site "?"]
[Date "2018.10.26"]
[Round "6"]
[White "Foran, Barry"]
[Black "Huba, Mark J"]
[Result "1-0"]
[WhiteElo "1688"]
[BlackElo "1556"]
[PlyCount "31"]
[EventDate "2018.10.21"]
[EventType "swiss"]
[EventRounds "7"]

1. d4 e6 2. Nf3 f5 3. d5 Bd6 4. Nc3 Nf6 5. e3 Bb4 6. dxe6 Bxc3+ 7. bxc3 dxe6 8.
Qxd8+ Kxd8 9. Ng5 Ke8 10. Bc4 Nc6 11. Bxe6 Bxe6 12. Nxe6 Ke7 13. Nxg7 Kf7 14.
Nxf5 Ne4 15. Bb2 Rhg8 16. Nh6+ 1-0

[Event "Guernsey International Holiday"]
[Site "?"]
[Date "2018.10.26"]
[Round "6"]
[White "Van Beek, Ronald"]
[Black "Maurus, Mickey"]
[Result "0-1"]
[WhiteElo "1366"]
[BlackElo "1435"]
[PlyCount "70"]
[EventDate "2018.10.21"]
[EventType "swiss"]
[EventRounds "7"]

1. d4 Nf6 2. Nf3 g6 3. c4 Bg7 4. Nc3 d6 5. e3 O-O 6. Be2 Nbd7 7. O-O b6 8. a3
Bb7 9. b4 a5 10. b5 e6 11. a4 Qe7 12. Ba3 Rfe8 13. Ne5 Ne4 14. Nxd7 Nxc3 15.
Qd3 Nxe2+ 16. Qxe2 Qxd7 17. Rad1 Qe7 18. f3 Qg5 19. Bc1 Qf6 20. Qd3 Rad8 21.
Ba3 e5 22. e4 exd4 23. Rfe1 Qg5 24. Bc1 Qf6 25. Kh1 Qe6 26. Bb2 Rd7 27. Bxd4
Bxd4 28. Qxd4 Qe5 29. Qxe5 Rxe5 30. h3 Rde7 31. g4 Kf8 32. Kh2 f5 33. gxf5 gxf5
34. Rf1 fxe4 35. fxe4+ Rf7 0-1

[Event "Guernsey International Holiday"]
[Site "?"]
[Date "2018.10.27"]
[Round "7"]
[White "Strade, Arita"]
[Black "Brown, Geoffrey D"]
[Result "1-0"]
[WhiteElo "1846"]
[BlackElo "1612"]
[PlyCount "69"]
[EventDate "2018.10.21"]
[EventType "swiss"]
[EventRounds "7"]

1. e4 e5 2. Nf3 Nc6 3. Bb5 a6 4. Ba4 b5 5. Bb3 Nf6 6. O-O Bc5 7. Nxe5 Nxe5 8.
d4 Bd6 9. dxe5 Bxe5 10. f4 Bd6 11. e5 Bc5+ 12. Kh1 Ne4 13. Qd5 O-O 14. Qxe4 Rb8
15. Be3 d5 16. Qd3 d4 17. Bf2 Rb6 18. Nd2 Bb7 19. Nf3 Rg6 20. c3 Qd7 21. f5 Rh6
22. cxd4 Bb6 23. e6 Qd6 24. exf7+ Kh8 25. Ne5 c5 26. Qg3 Bc7 27. Rac1 c4 28.
Bd1 Qe7 29. Be3 Bxe5 30. dxe5 Qxf7 31. Bxh6 gxh6 32. Bf3 Rg8 33. Qh4 Rg5 34. e6
Qe7 35. Qd4+ 1-0

[Event "Guernsey International Holiday"]
[Site "?"]
[Date "2018.10.27"]
[Round "7"]
[White "Dennis, Nigel W"]
[Black "O'Connell, Denis"]
[Result "1-0"]
[WhiteElo "1801"]
[BlackElo "1783"]
[PlyCount "133"]
[EventDate "2018.10.21"]
[EventType "swiss"]
[EventRounds "7"]

1. e4 d5 2. exd5 Nf6 3. d4 Bg4 4. Be2 Bxe2 5. Nxe2 Qxd5 6. O-O Nc6 7. Nbc3 Qh5
8. Bf4 O-O-O 9. Qe1 Nxd4 10. Nxd4 Rxd4 11. Be5 Rd7 12. Qe3 b6 13. Rad1 e6 14.
Bxf6 Bd6 15. Rxd6 Rxd6 16. Bxg7 Rg8 17. Be5 Qg4 18. Qg3 Qxg3 19. Bxg3 Rd2 20.
Rc1 Rg4 21. Kf1 a6 22. Ke1 Rd8 23. Rd1 Rxd1+ 24. Kxd1 Rb4 25. b3 Rd4+ 26. Ke2
Rd8 27. Be5 Rg8 28. g3 Kd7 29. a4 f5 30. h4 c5 31. Ke3 Kc6 32. Ne2 Kd5 33. Bb2
e5 34. c4+ Ke6 35. Nc3 Rg4 36. Nd5 f4+ 37. gxf4 Rxh4 38. fxe5 Rh3+ 39. f3 Rh2
40. Bc3 Rc2 41. Kf4 Rg2 42. Ke4 Re2+ 43. Kd3 Ra2 44. Nxb6 h5 45. Nd5 h4 46.
Nf4+ Kf7 47. e6+ Ke7 48. Be1 h3 49. Nxh3 Kxe6 50. Nf4+ Kf5 51. Nd5 Rb2 52. Kc3
Rb1 53. Bh4 Rc1+ 54. Kd2 Rb1 55. Kc2 Rh1 56. Be7 Rh3 57. f4 Rh2+ 58. Kc3 Rh3+
59. Kb2 Rh2+ 60. Ka3 Rh3 61. Bxc5 Ke4 62. Kb4 a5+ 63. Kxa5 Rxb3 64. Bb4 Kd4 65.
Kb5 Rh3 66. f5 Rh8 67. Bc3+ 1-0

[Event "Guernsey International Holiday"]
[Site "?"]
[Date "2018.10.27"]
[Round "7"]
[White "Nevska, Gerda"]
[Black "Collins, Alan"]
[Result "1-0"]
[WhiteElo "1819"]
[BlackElo "1650"]
[PlyCount "63"]
[EventDate "2018.10.21"]
[EventType "swiss"]
[EventRounds "7"]

1. c4 d6 2. g3 e5 3. Bg2 f5 4. e3 Nf6 5. Nc3 c6 6. Nge2 Be7 7. O-O O-O 8. Qb3
Na6 9. d4 e4 10. a3 Nc7 11. f3 exf3 12. Bxf3 Ne6 13. Qc2 Ng5 14. Bg2 Bd7 15.
Nf4 g6 16. b4 Rb8 17. Bb2 Ng4 18. Rae1 Bf6 19. Qd3 Qe7 20. h3 Nh6 21. e4 fxe4
22. Nxe4 Nxe4 23. Bxe4 Qg7 24. Bg2 Rbe8 25. g4 Rxe1 26. Rxe1 Qf7 27. Bc1 Bg5
28. Rf1 Qg7 29. d5 Qe5 30. Nxg6 Rxf1+ 31. Bxf1 Bxc1 32. Nxe5 1-0

[Event "Guernsey International Holiday"]
[Site "?"]
[Date "2018.10.27"]
[Round "7"]
[White "Haisma, Henk"]
[Black "Bateman, Kerry"]
[Result "1-0"]
[WhiteElo "1787"]
[BlackElo "1710"]
[PlyCount "49"]
[EventDate "2018.10.21"]
[EventType "swiss"]
[EventRounds "7"]

1. b4 e5 2. a3 g6 3. e4 Nf6 4. d3 d5 5. exd5 Bg7 6. Nc3 O-O 7. Bg5 c6 8. dxc6
Nxc6 9. Ne4 h6 10. Bxf6 Bxf6 11. Nf3 Bg7 12. Rb1 f5 13. Nc5 b6 14. Nb3 e4 15.
Nfd2 Bc3 16. dxe4 Ne5 17. Be2 fxe4 18. O-O Bb7 19. f3 Bd4+ 20. Kh1 exf3 21.
Nxf3 Nxf3 22. Bxf3 Bxf3 23. Rxf3 Rxf3 24. Qxf3 Qf6 25. Qxa8+ 1-0

[Event "Guernsey International Holiday"]
[Site "?"]
[Date "2018.10.27"]
[Round "7"]
[White "Stanners, Michael J"]
[Black "Heesen, Jos"]
[Result "0-1"]
[WhiteElo "1762"]
[BlackElo "1760"]
[PlyCount "44"]
[EventDate "2018.10.21"]
[EventType "swiss"]
[EventRounds "7"]

1. d4 e6 2. Bf4 b6 3. Nf3 Bb7 4. e3 f5 5. Nbd2 Nf6 6. Bg5 Be7 7. Bxf6 Bxf6 8.
Be2 O-O 9. O-O d6 10. c4 Nd7 11. Qc2 Qe8 12. Rfe1 Qg6 13. Bf1 c5 14. Rad1 Rad8
15. a4 e5 16. Kh1 e4 17. Ng1 cxd4 18. exd4 Bxd4 19. Nb3 Be5 20. Nh3 Nf6 21. Be2
Ng4 22. f4 Ne3 0-1

[Event "Guernsey International Holiday"]
[Site "?"]
[Date "2018.10.27"]
[Round "7"]
[White "Nalichowski, Bogdan"]
[Black "Hall, Alan"]
[Result "0-1"]
[WhiteElo "1378"]
[BlackElo "1731"]
[PlyCount "92"]
[EventDate "2018.10.21"]
[EventType "swiss"]
[EventRounds "7"]

1. e4 e5 2. Nc3 Nc6 3. Bc4 Nf6 4. Nf3 Bc5 5. O-O d6 6. h3 a6 7. a3 O-O 8. d3 h6
9. Ne2 Qe7 10. c3 Ba7 11. Ng3 Be6 12. Nh4 Bxc4 13. Nhf5 Qe6 14. dxc4 Ne7 15.
Nxe7+ Qxe7 16. Nf5 Qe6 17. Bxh6 gxh6 18. Nxh6+ Kh8 19. Qf3 Nh7 20. Nf5 Rg8 21.
b4 Rg5 22. c5 dxc5 23. c4 Nf6 24. g4 Qxc4 25. Nh6 Rg6 26. g5 Qxe4 27. Qxe4 Nxe4
28. Nxf7+ Kg7 29. Nxe5 Rxg5+ 30. Ng4 cxb4 31. axb4 Rf8 32. Ra2 Nf6 33. Kh1 Nxg4
34. f4 Rh5 35. Ra3 Ne3 36. Rg1+ Kh7 37. Rg3 Rg8 38. Rgxe3 Bxe3 39. Rxe3 Rb5 40.
Rf3 Rf8 41. f5 Rxb4 42. Kh2 a5 43. Kg3 Rg8+ 44. Kh2 Rb2+ 45. Kh1 Rbg2 46. h4
R2g4 0-1

[Event "Guernsey International Holiday"]
[Site "?"]
[Date "2018.10.27"]
[Round "7"]
[White "Nielsen, Jorgen Holmstrom"]
[Black "Van Hoek, Wim"]
[Result "0-1"]
[WhiteElo "1748"]
[BlackElo "1882"]
[PlyCount "91"]
[EventDate "2018.10.21"]
[EventType "swiss"]
[EventRounds "7"]

1. Nc3 d5 2. e4 d4 3. Nce2 c5 4. Ng3 Nc6 5. Bb5 Qb6 6. Bxc6+ Qxc6 7. d3 Nf6 8.
Nf3 Qc7 9. Bg5 h6 10. Bd2 h5 11. Bg5 g6 12. Qd2 Ng4 13. h3 Ne5 14. Nxe5 Qxe5
15. O-O f6 16. Bf4 Qe6 17. Ne2 Qb6 18. c3 e5 19. Bh2 Bh6 20. Qc2 Be6 21. c4 O-O
22. f4 exf4 23. Nxf4 Bxf4 24. Rxf4 Rf7 25. b3 Raf8 26. Raf1 g5 27. R4f2 Kh7 28.
Qe2 Kg6 29. g4 hxg4 30. hxg4 Bd7 31. Rg2 Qe6 32. Kf2 Bc6 33. Ke1 Rh8 34. Rgf2
Rh3 35. Rf3 Rxf3 36. Qxf3 Rh7 37. Qf5+ Qxf5 38. gxf5+ Kf7 39. Bb8 b5 40. Bxa7
bxc4 41. bxc4 Rh3 42. Ke2 Ba4 43. Rf2 Bc2 44. Bxc5 Bxd3+ 45. Kd2 Bxc4 46. Bxd4
0-1

[Event "Guernsey International Holiday"]
[Site "?"]
[Date "2018.10.27"]
[Round "7"]
[White "Goman, Colin"]
[Black "Hoogakker, Peter"]
[Result "1/2-1/2"]
[WhiteElo "1692"]
[BlackElo "1787"]
[PlyCount "61"]
[EventDate "2018.10.21"]
[EventType "swiss"]
[EventRounds "7"]

1. d4 Nf6 2. c4 d6 3. Nf3 Nbd7 4. b3 e5 5. e3 c6 6. Bb2 e4 7. Nfd2 d5 8. Be2
Bd6 9. Nc3 a6 10. c5 Bc7 11. a3 Nf8 12. Qc2 Ng4 13. Bxg4 Bxg4 14. h3 Be6 15.
O-O-O Nd7 16. Ndxe4 dxe4 17. Nxe4 Nf6 18. Nxf6+ gxf6 19. d5 cxd5 20. e4 d4 21.
Bxd4 Qe7 22. b4 Rc8 23. Qb2 Bf4+ 24. Kb1 Be5 25. f3 Rg8 26. g4 Rg6 27. Bxe5
fxe5 28. Rd2 Bd7 29. Qb3 Be6 30. Qb2 Bd7 31. Qb3 1/2-1/2

[Event "Guernsey International Holiday"]
[Site "?"]
[Date "2018.10.27"]
[Round "7"]
[White "Baart, Edwin"]
[Black "Turner, David J"]
[Result "1/2-1/2"]
[WhiteElo "1774"]
[BlackElo "1763"]
[PlyCount "45"]
[EventDate "2018.10.21"]
[EventType "swiss"]
[EventRounds "7"]

1. d4 d6 2. Nf3 Nf6 3. g3 g6 4. Bg2 Bg7 5. O-O O-O 6. c4 c6 7. Nc3 Nbd7 8. Qc2
Re8 9. e4 e5 10. dxe5 dxe5 11. Bg5 Qc7 12. Rad1 Nf8 13. Rd2 Ne6 14. Bxf6 Bxf6
15. Rfd1 Rd8 16. Rxd8+ Bxd8 17. Qd2 Kg7 18. b3 Bf6 19. Ne2 Nf8 20. Qd6 Qxd6 21.
Rxd6 Bg4 22. h3 Bxf3 23. Bxf3 1/2-1/2

[Event "Guernsey International Holiday"]
[Site "?"]
[Date "2018.10.27"]
[Round "7"]
[White "Gibson, John"]
[Black "Glover, John"]
[Result "1/2-1/2"]
[WhiteElo "1608"]
[BlackElo "1717"]
[PlyCount "113"]
[EventDate "2018.10.21"]
[EventType "swiss"]
[EventRounds "7"]

1. d4 Nf6 2. Nf3 c5 3. e3 e6 4. c3 Be7 5. Bd3 d5 6. O-O b6 7. Nbd2 Bb7 8. Qe2
O-O 9. e4 dxe4 10. Nxe4 Nbd7 11. dxc5 Nxc5 12. Nxf6+ Bxf6 13. Bc2 Qe7 14. Bf4
Rfd8 15. Rfd1 Qe8 16. Rxd8 Rxd8 17. Rd1 Rxd1+ 18. Qxd1 Qd7 19. Qxd7 Nxd7 20.
Nd2 e5 21. Be3 Be7 22. b4 h6 23. f3 Kf8 24. a4 a6 25. Bf5 Nf6 26. Be4 Nxe4 27.
fxe4 b5 28. axb5 axb5 29. Kf2 h5 30. g3 g5 31. Ke2 Ke8 32. Kd3 f6 33. Nb3 Bc8
34. Bc5 Bh3 35. Bxe7 Kxe7 36. c4 Bf1+ 37. Kc3 Bxc4 38. Nd2 Be2 39. Nb1 Ke6 40.
Kd2 Bf1 41. Nc3 f5 42. exf5+ Kxf5 43. Nd5 Ke6 44. Ne3 Bh3 45. Nc2 Kd5 46. Na3
Bd7 47. Ke3 Bc6 48. Kd3 Ke6 49. Nc2 Be8 50. Kc3 Kf5 51. Kd2 Kg4 52. Ne1 Bc6 53.
Ke3 Kh3 54. Nd3 Kxh2 55. Nxe5 Bb7 56. Kf2 g4 57. Ng6 1/2-1/2

[Event "Guernsey International Holiday"]
[Site "?"]
[Date "2018.10.27"]
[Round "7"]
[White "Remie, Peter"]
[Black "Foran, Barry"]
[Result "1/2-1/2"]
[WhiteElo "1714"]
[BlackElo "1688"]
[PlyCount "69"]
[EventDate "2018.10.21"]
[EventType "swiss"]
[EventRounds "7"]

1. d4 c6 2. Nf3 Nf6 3. Bf4 d5 4. e3 Bg4 5. Nbd2 e6 6. c3 Bd6 7. Bxd6 Qxd6 8.
Bd3 a5 9. Rc1 b5 10. a4 b4 11. c4 Bxf3 12. Nxf3 O-O 13. O-O Nbd7 14. cxd5 cxd5
15. Qd2 Rfc8 16. Rxc8+ Rxc8 17. Rc1 Qb8 18. Rc2 Nb6 19. Rxc8+ Qxc8 20. Qc2 Qxc2
21. Bxc2 Nfd7 22. b3 h6 23. Kf1 Kf8 24. Bd3 Ke7 25. Bb5 Kd6 26. Ke2 f6 27. Kd3
e5 28. e4 exd4 29. Bxd7 Nxd7 30. Kxd4 dxe4 31. Nd2 Nc5 32. Nc4+ Kc6 33. Nxa5+
Kb6 34. Nc4+ Kc6 35. Na5+ 1/2-1/2

[Event "Guernsey International Holiday"]
[Site "?"]
[Date "2018.10.27"]
[Round "7"]
[White "Jongerius, Marc"]
[Black "Kearsley, Raymond J"]
[Result "1-0"]
[WhiteElo "1686"]
[BlackElo "1590"]
[PlyCount "27"]
[EventDate "2018.10.21"]
[EventType "swiss"]
[EventRounds "7"]

1. e4 c5 2. Nf3 g6 3. d4 cxd4 4. Qxd4 Nf6 5. Nc3 Nc6 6. Qa4 Bg7 7. e5 Ng8 8.
Bf4 Nh6 9. Bb5 O-O 10. O-O a6 11. Nd5 e6 12. Nf6+ Kh8 13. Bxh6 Bxh6 14. Qh4 1-0

[Event "Guernsey International Holiday"]
[Site "?"]
[Date "2018.10.27"]
[Round "7"]
[White "Kershaw, Graham"]
[Black "Foster, Paul"]
[Result "1/2-1/2"]
[WhiteElo "1712"]
[BlackElo "1540"]
[PlyCount "57"]
[EventDate "2018.10.21"]
[EventType "swiss"]
[EventRounds "7"]

1. e4 d5 2. exd5 Nf6 3. d4 Nxd5 4. Nf3 Bf5 5. c3 e6 6. Qb3 Qc8 7. Nbd2 Nd7 8.
a3 Be7 9. c4 N5f6 10. Bd3 Bxd3 11. Qxd3 O-O 12. O-O c5 13. dxc5 Qxc5 14. b4 Qh5
15. Bb2 Rfd8 16. Qc3 Qh6 17. Rfe1 Rac8 18. Qb3 Bd6 19. c5 Bf4 20. Nf1 Ng4 21.
Rad1 Nf8 22. Rd3 Rxd3 23. Qxd3 Qg6 24. Qxg6 Nxg6 25. h3 Nf6 26. Bxf6 gxf6 27.
Rd1 Nf8 28. g3 Bc7 29. Ne3 1/2-1/2

[Event "Guernsey International Holiday"]
[Site "?"]
[Date "2018.10.27"]
[Round "7"]
[White "Bakkes, Frits"]
[Black "Jones, Sidney A"]
[Result "1-0"]
[WhiteElo "1650"]
[BlackElo "1488"]
[PlyCount "55"]
[EventDate "2018.10.21"]
[EventType "swiss"]
[EventRounds "7"]

1. e4 e5 2. Nf3 Nc6 3. Bb5 a6 4. Ba4 b5 5. Bb3 Nf6 6. O-O Be7 7. Re1 O-O 8. c3
d6 9. d4 Bg4 10. d5 Na5 11. Bc2 c5 12. dxc6 Nxc6 13. Nbd2 Rc8 14. Nf1 Re8 15.
Bg5 h6 16. Bxf6 Bxf6 17. Ne3 Be6 18. a4 b4 19. cxb4 Nxb4 20. Bd3 Rc6 21. Bf1
Qa5 22. b3 Rec8 23. Bc4 Be7 24. Qd2 Qd8 25. Bxe6 fxe6 26. Qxb4 d5 27. Qd2 d4
28. Nc4 1-0

[Event "Guernsey International Holiday"]
[Site "?"]
[Date "2018.10.27"]
[Round "7"]
[White "Harnden, Terry"]
[Black "Ruigrok, Jacques"]
[Result "1/2-1/2"]
[WhiteElo "1428"]
[BlackElo "1645"]
[PlyCount "50"]
[EventDate "2018.10.21"]
[EventType "swiss"]
[EventRounds "7"]

1. e4 b6 2. d4 Bb7 3. Nc3 e6 4. a3 Nf6 5. Bd3 c5 6. Nf3 cxd4 7. Nxd4 Bc5 8. Be3
O-O 9. h3 d5 10. exd5 Nxd5 11. Nxd5 Bxd5 12. Rg1 Nd7 13. Qd2 Nf6 14. O-O-O Qe7
15. Nb5 Rfc8 16. Bxc5 Rxc5 17. Nc3 Rac8 18. Nxd5 Nxd5 19. Be4 Qc7 20. Rge1 f5
21. Bd3 Nf4 22. Kb1 Kf7 23. g4 g6 24. gxf5 gxf5 25. h4 Nxd3 1/2-1/2

[Event "Guernsey International Holiday"]
[Site "?"]
[Date "2018.10.27"]
[Round "7"]
[White "Colsen, Manuel"]
[Black "Shek, Daniel"]
[Result "1/2-1/2"]
[WhiteElo "1628"]
[BlackElo "1304"]
[PlyCount "91"]
[EventDate "2018.10.21"]
[EventType "swiss"]
[EventRounds "7"]

1. Nf3 Nf6 2. g3 c6 3. Bg2 g6 4. O-O Bg7 5. d4 O-O 6. c4 d5 7. cxd5 Nxd5 8. e4
Nc7 9. Nc3 Bg4 10. Be3 Nd7 11. Qb3 Nb6 12. Rfd1 Be6 13. Qc2 Nc4 14. Bf4 f5 15.
e5 Nd5 16. Nxd5 Bxd5 17. Ng5 Bxg2 18. Kxg2 Qd5+ 19. Kg1 Rad8 20. Rac1 Nb6 21.
a4 h6 22. Nh3 a5 23. Rd3 c5 24. Qxc5 Qxc5 25. Rxc5 Nxa4 26. Rxa5 Nxb2 27. Rb3
Nc4 28. Ra7 Rxd4 29. Rbxb7 Re8 30. Rxe7 Rxe7 31. Rxe7 g5 32. Be3 Nxe3 33. fxe3
Re4 34. Kf2 Bxe5 35. Rb7 Rc4 36. Ng1 f4 37. gxf4 gxf4 38. Nf3 Rc2+ 39. Ke1 Bc3+
40. Kd1 Rf2 41. Rb3 Rxf3 42. Rxc3 fxe3 43. Ke2 Rh3 44. Rxe3 Rxh2+ 45. Kf3 Kg7
46. Kg3 1/2-1/2

[Event "Guernsey International Holiday"]
[Site "?"]
[Date "2018.10.27"]
[Round "7"]
[White "Maurus, Mickey"]
[Black "Goris Schouwstra, Adry"]
[Result "1/2-1/2"]
[WhiteElo "1435"]
[BlackElo "1697"]
[PlyCount "66"]
[EventDate "2018.10.21"]
[EventType "swiss"]
[EventRounds "7"]

1. d4 d5 2. Bf4 e6 3. Nf3 Nf6 4. e3 Be7 5. Nbd2 Nbd7 6. Bd3 b6 7. c3 c5 8. h3
Bb7 9. Ne5 a6 10. O-O b5 11. a3 Rc8 12. Ndf3 Ne4 13. Nxd7 Qxd7 14. Re1 c4 15.
Ne5 Qd8 16. Bc2 O-O 17. Qg4 f5 18. Qe2 Qe8 19. Rac1 Kh8 20. Kh1 g5 21. Bh2 Rd8
22. Bd1 Bf6 23. Qf3 Bg7 24. Kg1 g4 25. hxg4 fxg4 26. Qxg4 Nxf2 27. Qe2 Nxd1 28.
Rcxd1 Rf6 29. Rf1 Qe7 30. Qg4 Rdf8 31. Rxf6 Rxf6 32. Rf1 Bc8 33. Rxf6 Qxf6
1/2-1/2

[Event "Guernsey International Holiday"]
[Site "?"]
[Date "2018.10.27"]
[Round "7"]
[White "Huba, Mark J"]
[Black "O'Brien, Paul W"]
[Result "0-1"]
[WhiteElo "1556"]
[BlackElo "1654"]
[PlyCount "126"]
[EventDate "2018.10.21"]
[EventType "swiss"]
[EventRounds "7"]

1. Nf3 f5 2. e4 fxe4 3. Ng5 Nf6 4. d3 exd3 5. Bxd3 d5 6. Nxh7 Qd6 7. Bg6+ Kd8
8. Ng5 Qe5+ 9. Kf1 Be6 10. Nc3 Kc8 11. Nxe6 Qxe6 12. Qf3 Nbd7 13. Bf5 Qa6+ 14.
Kg1 e6 15. Bd3 Qb6 16. Na4 Qb4 17. Nc3 d4 18. a3 Qa5 19. Nd1 Qe1+ 20. Bf1 e5
21. Qe2 Qa5 22. Bd2 Qd5 23. b4 Bd6 24. c4 Qe4 25. c5 Qxe2 26. Bxe2 Be7 27. Nb2
Ne4 28. Be1 Ndf6 29. Nc4 c6 30. Nxe5 Kc7 31. Rd1 Rhd8 32. Nf7 Rf8 33. Ne5 Rad8
34. Nf3 Nc3 35. Bxc3 dxc3 36. Rc1 Ne4 37. g3 a5 38. b5 Bxc5 39. Kg2 Bxa3 40.
Ra1 Bb2 41. Ra4 Nc5 42. Rc4 b6 43. bxc6 Rd5 44. Bd1 Rfd8 45. Bc2 Kxc6 46. Re1
Kb5 47. Rg4 R8d7 48. Ne5 Re7 49. Nf3 Rxe1 50. Nxe1 a4 51. Rxg7 Rd7 52. Rg5 a3
53. Bb3 Kb4 54. Ba2 Rd1 55. Nc2+ Ka5 56. Bb3 Rd2 57. Ne3 Kb4 58. Ba2 Re2 59.
Rg4+ Ka5 60. h4 Bc1 61. Nc4+ Ka6 62. Bb1 c2 63. Ba2 Bb2 0-1

[Event "Guernsey International Chess Festival 2"]
[Site "?"]
[Date "2019.10.20"]
[Round "1.1"]
[White "Kirby, Peter J"]
[Black "Hebden, Mark L"]
[Result "0-1"]
[WhiteElo "2004"]
[BlackElo "2427"]
[PlyCount "98"]
[EventDate "2019.??.??"]

1. Nf3 Nf6 2. c4 g6 3. Nc3 Bg7 4. e4 d6 5. d4 O-O 6. Be2 e5 7. dxe5 dxe5 8.
Qxd8 Rxd8 9. Bg5 Nbd7 10. O-O-O Rf8 11. Nd5 c6 12. Ne7+ Kh8 13. Be3 b6 14. Nxc8
Rfxc8 15. g4 Rc7 16. Nd2 Bf8 17. g5 Ne8 18. Bg4 Nc5 19. f3 h5 20. gxh6 Nf6 21.
h3 Kh7 22. Nb3 Nxb3+ 23. axb3 Bxh6 24. Rhe1 Rh8 25. Kc2 Bxe3 26. Rxe3 Kg7 27.
Red3 c5 28. Kc3 a5 29. Rd8 Rh4 30. Rb8 Nxg4 31. hxg4 Rh3 32. Rxb6 Rxf3+ 33. Rd3
Rf4 34. Re3 Rxg4 35. Rb5 Rg2 36. Rxa5 Kf6 37. Rf3+ Kg5 38. b4 cxb4+ 39. Kxb4
Rxb2+ 40. Ka3 Rc2 41. Rxe5+ Kg4 42. Rf6 R2xc4 43. Kb3 R4c6 44. Rf1 Rb7+ 45. Ka4
Ra6+ 46. Ra5 Rxa5+ 47. Kxa5 f5 48. exf5 gxf5 49. Ka6 Rb2 0-1

[Event "Guernsey International Chess Festival 2"]
[Site "?"]
[Date "2019.10.20"]
[Round "1.5"]
[White "Van Dijk, Bram"]
[Black "Havenaar, Jan"]
[Result "1/2-1/2"]
[WhiteElo "1982"]
[BlackElo "2091"]
[PlyCount "112"]
[EventDate "2019.??.??"]

1. e4 g6 2. d4 Bg7 3. g3 c5 4. dxc5 Qa5+ 5. c3 Qxc5 6. Be3 Qc7 7. Bg2 Nc6 8.
Ne2 d6 9. Na3 Nf6 10. h3 Bd7 11. O-O O-O 12. f4 Na5 13. Nd4 a6 14. Qd3 Rac8 15.
Rfd1 b5 16. Kh2 Nc4 17. Nxc4 bxc4 18. Qe2 Rb8 19. Rab1 Rfc8 20. Bf2 e5 21. fxe5
dxe5 22. Nc2 Ba4 23. Rd2 Bxc2 24. Rxc2 Rd8 25. Rd1 Bh6 26. Rxd8+ Rxd8 27. Be3
Bxe3 28. Qxe3 Rd3 29. Qf2 Qc6 30. Re2 Nh5 31. Bf3 Ng7 32. Rd2 Rxd2 33. Qxd2 Ne6
34. Qe2 Qa4 35. a3 Qb5 36. Bg2 Nc5 37. Bf1 Na4 38. Qxc4 Qxb2+ 39. Bg2 Qb5 40.
Qc8+ Kg7 41. c4 Qa5 42. Qb8 Qc5 43. Qb4 Qc6 44. Qe7 Qc5 45. Qxc5 Nxc5 46. Kg1
Kf6 47. Kf2 Ke6 48. Ke3 Kd6 49. Bf3 Kc6 50. Bd1 Nb7 51. Bc2 Kc5 52. Kd3 Na5 53.
Kc3 Nxc4 54. Bd3 Nd6 55. g4 a5 56. g5 Nb5+ 1/2-1/2